[Event "Tampere We HervS I"]
[Site "Tampere"]
[Date "1999.??.??"]
[Round "2"]
[White "Houtsonen, Pedri"]
[Black "Saastamoinen, Aarne"]
[Result "1-0"]
[WhiteElo "2146"]
[BlackElo "2193"]

1.e4 c5 2.Nf3 Nc6 3.Bb5 g6 4.O-O Bg7 5.c3 e5 6.d4 cxd4 7.cxd4 exd4 8.e5 Nge7
9.Bf4 O-O 10.Nbd2 Nd5 11.Bg3 Qb6 12.Bc4 Ne3 13.fxe3 dxe3 14.Kh1 exd2 15.Qxd2 d5
16.exd6 Be6 17.Bxe6 fxe6 18.Qe2 Qxb2 19.Qxe6+ Kh8 20.Rab1 Qc3 21.d7 Qd3 22.Rfd1 Qc3
23.Bd6 Qf6 24.Qd5 Rf7 25.Rxb7  1-0

[Event "Tampere op"]
[Site "Tampere"]
[Date "1999.??.??"]
[Round "8"]
[White "Rytshagov, Mikhail"]
[Black "Agopov, Mikael"]
[Result "1/2-1/2"]
[WhiteElo "2533"]
[BlackElo "2398"]

1.e4 c5 2.Nf3 Nc6 3.Bb5 g6 4.O-O Bg7 5.Re1 Nf6 6.e5 Nd5 7.Nc3 Nc7 8.Bxc6 dxc6
9.Ne4 b6 10.Nf6+ Kf8 11.Ne4 h6 12.h3 Be6 13.b3 Kg8 14.Bb2 Kh7 15.d3 Qd7 16.Qd2 Rad8
17.Qf4 g5 18.Qg3 Nb5 19.Re2 Nd4 20.Nxd4 cxd4 21.Rae1 Bf5 22.h4 g4 23.Qf4 c5
24.Ng3 Be6 25.Nh5 Qd5 26.Qg3 Rhg8 27.Bc1 b5 28.Nf4 Qc6 29.Bd2  1/2-1/2

[Event "Isla de Tenerife op"]
[Site "Tenerife"]
[Date "1999.??.??"]
[Round "5"]
[White "Strikovic, Aleksa"]
[Black "Solana Suarez, Ernesto"]
[Result "1-0"]
[WhiteElo "2520"]
[BlackElo "2320"]

1.Nf3 c5 2.e4 Nc6 3.Bb5 d6 4.O-O Bd7 5.Re1 Nf6 6.c3 a6 7.Bf1 Bg4 8.h3 Bh5
9.d3 e6 10.Nbd2 Be7 11.a4 O-O 12.g4 Bg6 13.Nh4 d5 14.Nxg6 hxg6 15.f4 Qc7
16.Nf3 b5 17.e5 Nd7 18.Qe2 b4 19.h4 bxc3 20.bxc3 Rab8 21.Qh2 Rb3 22.Bd2 d4
23.c4 Nb4 24.Bxb4 cxb4 25.h5 Nc5 26.Rad1 Rd8 27.Rd2 Rc3 28.Qh3 Qd7 29.hxg6 fxg6
30.Rh2 Rf8 31.Qh7+ Kf7 32.Rf2 Ke8 33.Qxg6+ Kd8 34.f5 b3 35.Qxg7 exf5 36.e6  1-0

[Event "RUS-Cup"]
[Site "Tula "]
[Date "1999.??.??"]
[Round "1"]
[White "Gumirov, Konstantin L"]
[Black "Iskusnyh, Sergei"]
[Result "0-1"]
[WhiteElo "2177"]
[BlackElo "2486"]

1.e4 c5 2.Nf3 Nc6 3.Bb5 g6 4.O-O Bg7 5.c3 Nf6 6.Qe2 O-O 7.e5 Nd5 8.d4 cxd4
9.cxd4 d6 10.Nc3 Nc7 11.Bg5 Nxb5 12.Nxb5 h6 13.Be3 dxe5 14.dxe5 Bg4 15.Rfd1 Qc8
16.Rac1 Qf5 17.Nbd4 Nxd4 18.Bxd4 Rfd8 19.Bc3 e6 20.Qe3 Bxf3 21.Qxf3 Qxf3
22.gxf3 h5 23.f4 Bh6 24.Rd4 Rxd4 25.Bxd4 Bxf4 26.Rc7 b6 27.Rd7 g5 28.h3 a5
29.Rb7 Rd8 30.Bxb6 Rd5 31.Ra7 Rb5 32.Bc7 Rxb2 33.Rxa5 Kg7 34.a4 Ra2 35.Ra8 Kg6
36.a5 Kf5 37.a6 Ke4 38.Kg2 Be3 39.Rf8 Rxf2+ 40.Kg3 Rc2 41.Rxf7 Bf4+  0-1

[Event "RUS-Cup"]
[Site "Tula "]
[Date "1999.??.??"]
[Round "3"]
[White "Totsky, Leonid"]
[Black "Chuprov, Dmitry"]
[Result "1/2-1/2"]
[WhiteElo "2494"]
[BlackElo "2400"]

1.e4 c5 2.Nf3 Nc6 3.Bb5 g6 4.O-O Bg7 5.c3 Nf6 6.Qa4 Qb6 7.Re1 O-O 8.d4 cxd4
9.cxd4 d5 10.e5 Ne4 11.Bxc6 bxc6 12.Nbd2 Bf5 13.Nb3 a5 14.Nh4 Be6 15.f3 g5
16.fxe4 gxh4 17.Bg5 dxe4 18.Bxe7 Rfe8 19.Bc5 Qd8 20.Nd2 Bd5 21.Nxe4 Re6 22.Qc2 Rg6
23.Re3 Qd7 24.h3 Kh8 25.Rf1 Rg8 26.Rf2 Bh6 27.Ref3 Qe6 28.Qe2 f5 29.Nf6 Rxf6
30.exf6 Qxe2 31.Rxe2 Bxf3 32.Re7 Bh5 33.f7 Rc8 34.d5 Bxf7 35.Rxf7 cxd5 36.Bd4+ Kg8
37.Rxf5 Rc4 38.Bc3 d4 39.Bxa5 Be3+ 40.Kf1 Rc2 41.Rf3 Rxb2 42.Be1 Rxa2 43.Bxh4 Rc2
44.Bf2  1/2-1/2

[Event "RUS-Cup"]
[Site "Tula "]
[Date "1999.??.??"]
[Round "4"]
[White "Ovetchkin, Roman"]
[Black "Selin, O."]
[Result "1-0"]
[WhiteElo "2511"]
[BlackElo "2281"]

1.e4 c5 2.Nf3 Nc6 3.Bb5 e6 4.O-O Nge7 5.Re1 a6 6.Bxc6 Nxc6 7.d4 cxd4 8.Nxd4 d6
9.Nc3 Be7 10.Nxc6 bxc6 11.Qg4 g6 12.e5 h5 13.Qf3 d5 14.b3 Bd7 15.Bb2 h4 16.Rad1 Rh5
17.Ne2 Qb6 18.Qe3 Qxe3 19.fxe3 Rb8 20.Nf4 Rf5 21.Nd3 Rg5 22.e4 Rg4 23.Nf2 Rg5
24.Bc1 Rh5 25.Ng4 Rb4 26.Ba3 Rb7 27.Bxe7 Kxe7 28.h3 Be8 29.Kf2 Rb4 30.c3 Rb8
31.Ke3 a5 32.Rd2 Bd7 33.Kf4 Bc8 34.Nf6 Rh8 35.Ke3 Rd8 36.Rc1 Ba6 37.Rcd1 a4
38.b4 a3 39.Rf2 Bc4 40.Rdd2 Rdc8 41.Rf4 c5 42.exd5 exd5 43.Nxd5+ Bxd5 44.Rxd5 cxb4
45.cxb4 Rc2 46.Rd2 Rb2 47.Rxh4 Rb5 48.Rhd4 Rxe5+ 49.Kd3 Re1 50.Kc4 Ra1 51.R4d3 Raxa2
52.Re3+ Kf6 53.Rxb2 Rxb2 54.Rxa3 Rxg2 55.b5 Rc2+ 56.Kd5 Rb2 57.Kc6 Kg5 58.b6 f5
59.b7 Kh4 60.Ra8 Kxh3 61.b8=Q Rxb8 62.Rxb8 f4 63.Rf8 g5 64.Kd5 g4 65.Ke4 f3
66.Ke3 Kg2 67.Rf4 Kg3 68.Ra4  1-0

[Event "RUS-Cup"]
[Site "Tula "]
[Date "1999.??.??"]
[Round "4"]
[White "Chigvintsev, Andrei"]
[Black "Nachev, Sergei Y"]
[Result "1-0"]
[WhiteElo "2387"]
[BlackElo "2325"]

1.e4 c5 2.Nf3 Nc6 3.Bb5 e6 4.O-O Nge7 5.c3 d5 6.d3 a6 7.Ba4 b5 8.exd5 Qxd5
9.c4 bxc4 10.Nc3 Qd8 11.Ne5 Bd7 12.Ne4 Qc7 13.Nxd7 Qxd7 14.dxc4 Nf5 15.Be3 O-O-O
16.Qxd7+ Kxd7 17.Nxc5+ Bxc5 18.Bxc5 Kc7 19.b4 Ne5 20.b5 Nxc4 21.Rfc1 axb5
22.Bxb5 Ncd6 23.Rab1 Nxb5 24.Rxb5 Rc8 25.Be7+  1-0

[Event "RUS-Cup"]
[Site "Tula "]
[Date "1999.??.??"]
[Round "6"]
[White "Ovetchkin, Roman"]
[Black "Mchedlishvili, Mikheil"]
[Result "1-0"]
[WhiteElo "2511"]
[BlackElo "2400"]

1.e4 c5 2.Nf3 Nc6 3.Bb5 g6 4.Bxc6 dxc6 5.d3 Bg7 6.h3 e5 7.Be3 b6 8.Nc3 f6
9.Qd2 Be6 10.a3 a5 11.O-O g5 12.Na4 h5 13.b4 g4 14.Nh4 gxh3 15.g3 Ne7 16.bxc5 b5
17.Nb6 Ra7 18.f4 exf4 19.Rxf4 Bg4 20.Raf1 O-O 21.d4 f5 22.d5 Bf6 23.R4f2 cxd5
24.exd5 Bxh4 25.gxh4 Ng6 26.d6 Qxh4 27.Kh2 Qf6 28.Qd4 Qe6 29.Bf4 Kh7 30.Qd5 Nxf4
31.Rxf4 Qf6 32.d7 Rc7 33.Rxf5 Bxf5 34.Rxf5 Qxf5 35.Qxf5+ Rxf5 36.d8=Q Rcxc5
37.Qd3 Kh6 38.Kxh3 b4 39.axb4 axb4 40.Nc4 Rfd5 41.Qe4 Rf5 42.Kh4 Rg5 43.Ne3 Rb5
44.Qe6+ Kg7 45.Kh3 Rbc5 46.Qe4 Rb5 47.Kh2 Kh6 48.Ng2 Rge5 49.Qd4 Kg5 50.Nf4 Kh6
51.Kg2 Kh7 52.Kf3 Kg8 53.Nd3 Rf5+ 54.Ke3  1-0

[Event "RUS-Cup"]
[Site "Tula "]
[Date "1999.??.??"]
[Round "7"]
[White "Kovalevskaya, Ekaterina"]
[Black "Sherbakov, Ruslan"]
[Result "0-1"]
[WhiteElo "2499"]
[BlackElo "2559"]

1.e4 c5 2.Nf3 Nc6 3.Bb5 e6 4.Bxc6 bxc6 5.b3 Ne7 6.O-O Ng6 7.Bb2 f6 8.e5 Be7
9.Na3 O-O 10.Nc4 Qc7 11.Qe1 fxe5 12.Nfxe5 Nh8 13.f4 d6 14.Qg3 Rf6 15.Nf3 Rg6
16.Qe1 Nf7 17.Ne3 Qd8 18.d3 Bd7 19.Qe2 Qf8 20.Rae1 Re8 21.Qd2 Bd8 22.Kh1 Nh6
23.Nc4 Rg4 24.d4 cxd4 25.Qxd4 Nf5 26.Qxa7 Bc8 27.Nd4 Re7 28.Qa3 Nxd4 29.Bxd4 Rd7
30.f5 exf5 31.Bb6 Rxc4 32.Bxd8 Rxc2 33.Bh4 c5 34.Rf2 Rxf2 35.Bxf2 Bb7 36.Qc1 h6
37.Qe3 Be4 38.Kg1 Qf7 39.Qg3 Qd5 40.Be3 Kh7 41.h4 Rf7 42.Re2 Rf6 43.Rd2 Qc6
44.h5 d5 45.Bf4 Qe8 46.Qf2 c4 47.bxc4 dxc4 48.Qd4 Rc6 49.Qc3 Qxh5 50.Be5 Qg5
51.Rb2 Rg6 52.g3 f4  0-1

[Event "RUS-Cup"]
[Site "Tula "]
[Date "1999.??.??"]
[Round "7"]
[White "Yemelin, Vasily"]
[Black "Mitrofanov, Alexander"]
[Result "1-0"]
[WhiteElo "2550"]
[BlackElo "2284"]

1.e4 c5 2.Nf3 Nc6 3.Bb5 g6 4.Bxc6 dxc6 5.d3 Bg7 6.h3 Nf6 7.Nc3 O-O 8.Be3 b6
9.Qd2 Re8 10.Bh6 Bh8 11.Ng5 e5 12.O-O-O Nh5 13.Ne2 f6 14.Nf3 Be6 15.Kb1 Qc7
16.Qe3 Qf7 17.a3 Rad8 18.Nd2 c4 19.Nxc4 Bxc4 20.dxc4 Qxc4 21.Qb3 Qxb3 22.cxb3 Bg7
23.Bc1 Bf8 24.b4 Ng7 25.Be3 Ne6 26.Nc3 Kf7 27.f3 Nc7 28.Kc2 Be7 29.h4 Rxd1
30.Kxd1 Nb5 31.Ne2 Rd8+ 32.Kc2 c5 33.bxc5 Bxc5 34.Bxc5 Rc8 35.h5 Rxc5+ 36.Kb3 g5
37.Rd1 Ke7 38.a4 Nc7 39.Ng3 Rc6 40.Nf5+ Ke8 41.Nd6+ Kf8 42.Nc8 a5 43.Rd8+ Ne8
44.h6 Kf7 45.Rd7+ Kf8 46.Na7 Rc7 47.Rxc7 Nxc7 48.Kc4 Kf7 49.Nc8 Kg6 50.Nxb6 Kxh6
51.Nd5 Ne8 52.b4 axb4 53.Kxb4 Nd6 54.Kc5 Nb7+ 55.Kb6 Nd6 56.Nxf6 Kg6 57.Nd7 h5
58.Nxe5+ Kf6 59.Nd3 Ke6 60.a5 g4 61.fxg4 hxg4 62.a6  1-0

[Event "RUS-Cup"]
[Site "Tula "]
[Date "1999.??.??"]
[Round "8"]
[White "Chuprov, Dmitry"]
[Black "Kovalevskaya, Ekaterina"]
[Result "1/2-1/2"]
[WhiteElo "2400"]
[BlackElo "2499"]

1.e4 c5 2.Nf3 Nc6 3.Bb5 e6 4.Bxc6 bxc6 5.d3 Ne7 6.Qe2 Ng6 7.h4 e5 8.h5 Nf4
9.Bxf4 exf4 10.Rh4 Be7 11.Rxf4 O-O 12.Nbd2 d5 13.e5 h6 14.Kf1 Rb8 15.b3 Be6
16.Re1 Qd7 17.Ra4 Rbe8 18.Qe3 Bg4 19.Kg1 d4 20.Qe4 f5 21.Qf4 Bd8 22.e6 Qe7
23.Ne5 Qxe6 24.Nec4 Bg5 25.Qh2 f4 26.f3 Bf5 27.Rxa7 Qf6 28.Re2 Be6 29.Re4 Bxc4
30.Nxc4 Rxe4 31.dxe4 d3 32.cxd3 Qa1+ 33.Kf2 Qd4+ 34.Ke1 Qxd3 35.Qh3 Rd8 36.Rc7 Kh8
37.Rc8 Qd1+ 38.Kf2 Qd4+ 39.Ke2 Qd1+ 40.Kf2 Qd4+ 41.Ke2 Qd3+ 42.Kf2 Qd4+  1/2-1/2

[Event "RUS-ch sf"]
[Site "Ufa"]
[Date "1999.??.??"]
[Round "7"]
[White "Chuprov, Dmitry"]
[Black "Timagin, Piotr"]
[Result "1-0"]
[WhiteElo "2400"]
[BlackElo "2283"]

1.e4 c5 2.Nf3 Nc6 3.Bb5 g6 4.O-O Bg7 5.c3 Nf6 6.Qa4 Qb6 7.Re1 O-O 8.e5 Ng4
9.d4 d6 10.h3 Nh6 11.dxc5 dxc5 12.Na3 Bd7 13.Bxh6 Bxh6 14.Qh4 Bg7 15.e6 Bf6
16.Ng5 Bxg5 17.exf7+ Rxf7 18.Qxg5 Raf8 19.Rad1 Rf5 20.Qg3 Be8 21.Bd3 Rf4
22.Nc4 Qc7 23.Ne3 Bf7 24.Be4 Kh8 25.Bxc6 bxc6 26.Ng4 Bxa2 27.Ne5 Qb7 28.Nd7 R8f7
29.Rxe7 Qb3 30.Rd2 Rxe7 31.Qxf4 Qf7 32.Qxf7 Bxf7 33.Nxc5 Re5 34.Nd7 Rb5 35.f4 c5
36.Ne5 Be6 37.Kf2 a5 38.Ke3 a4 39.Nd3 Bc4 40.Nf2 Be6 41.Ne4 Ra5 42.g4 Rb5
43.f5 gxf5 44.gxf5 Ba2 45.f6 h6 46.Kf4 Kg8 47.Ke5 c4+ 48.Ke6 Bb1 49.f7+  1-0

[Event "RUS-ch sf"]
[Site "Ufa"]
[Date "1999.??.??"]
[Round "9"]
[White "Alavkin, Arseny"]
[Black "Kalegin, Evgenij"]
[Result "1/2-1/2"]
[WhiteElo "2441"]
[BlackElo "2422"]

1.e4 c5 2.Nf3 Nc6 3.Bb5 e6 4.O-O Nge7 5.Re1 a6 6.Bxc6 Nxc6 7.d4 cxd4 8.Nxd4 Qc7
9.Nxc6 bxc6 10.e5 d5 11.c4 Rb8 12.Nc3 Be7 13.Qg4 g6 14.Bg5 h5 15.Qf4 Bxg5
16.Qxg5 Qe7 17.Qd2 Kf8 18.Re3 h4 19.h3 Rh5 20.Rae1 Rf5 21.a3 Bb7 22.cxd5 cxd5
23.Ne2 d4 24.Nxd4 Rg5 25.f3 Rd8 26.Kh2 Rd5 27.Re4 Kg8 28.Qf2 Rc5 29.b4 Rd5
30.Nc2 Qc7 31.Qxh4 Rh5 32.Qf2 Rd3 33.R4e3 Qc3 34.Rxd3 Qxd3 35.Nd4 Bd5 36.Rc1 Kg7
37.Re1 Qxa3 38.b5 axb5 39.Nxb5 Qb4 40.Nd6 Qf4+ 41.Qg3 Qd2 42.Ne8+ Kf8 43.Nf6 Rh8
44.Ra1 Kg7 45.Ra4 Qe3  1/2-1/2

[Event "Keres mem op"]
[Site "Utrecht"]
[Date "1999.??.??"]
[Round "2"]
[White "Van Wissen, Michiel E"]
[Black "Van der Weide, Karel"]
[Result "1/2-1/2"]
[WhiteElo "2155"]
[BlackElo "2474"]

1.e4 c5 2.Nf3 Nc6 3.Bb5 e6 4.O-O Nge7 5.Re1 a6 6.Bf1 d5 7.exd5 Nxd5 8.d4 Nf6
9.Be3 cxd4 10.Nxd4 Bd7 11.Nd2 Be7 12.Nc4 O-O 13.a4 Nd5 14.Nxc6 Bxc6 15.Bd4 Bf6
16.Ne5 Rc8 17.c3 Qe7 18.Qe2 Rfd8 19.g3 Be8 20.Bg2 Qc7 21.a5 Qb8 22.Be4 Ne7
23.Qf3 Rc7 24.Rad1 Rd6 25.Bc2 Rc8 26.Be4 Rc7 27.Bc2 Rc8 28.Be4  1/2-1/2

[Event "Keres mem op"]
[Site "Utrecht"]
[Date "1999.??.??"]
[Round "6"]
[White "Kroeze, Frank M"]
[Black "Kishnev, Sergey"]
[Result "0-1"]
[WhiteElo "2390"]
[BlackElo "2500"]

1.e4 c5 2.Nf3 Nc6 3.Bb5 e6 4.Bxc6 bxc6 5.O-O Ne7 6.b3 Ng6 7.Bb2 f6 8.d3 Be7
9.Nbd2 O-O 10.Qe1 d5 11.a4 e5 12.Ba3 Bd6 13.Qe3 Qe7 14.Rfd1 h6 15.h3 f5 16.exf5 Bxf5
17.Nf1 d4 18.Qe1 Bxh3 19.N3d2 Nf4 20.gxh3 Nxh3+ 21.Kg2 Rxf2+ 22.Kxh3 Raf8
23.Qxf2 Rxf2 24.Ne4 Rxc2 25.Nfd2 Qe6+ 26.Kg3 Qg6+ 27.Kh2 Qh5+ 28.Kg1 Qg4+
29.Kf1 Qh3+ 30.Kg1 Qxd3 31.Rac1 Ra2 32.Bxc5 Bxc5 33.Rxc5 Qe3+ 34.Kf1 Qh3+
35.Ke2 d3+ 36.Kf2 Qh2+ 37.Ke3 Qe2+  0-1

[Event "FIN-ch"]
[Site "Vammala"]
[Date "1999.??.??"]
[Round "7"]
[White "Nyysti, Sampsa"]
[Black "Kallio, Heikki"]
[Result "0-1"]
[WhiteElo "2178"]
[BlackElo "2352"]

1.e4 c5 2.Nf3 Nc6 3.Bb5 g6 4.Bxc6 dxc6 5.d3 Bg7 6.h3 e5 7.Be3 Qe7 8.Qd2 Nf6
9.a3 c4 10.Qc3 cxd3 11.cxd3 Nd7 12.Nbd2 O-O 13.O-O f5 14.exf5 gxf5 15.Qc4+ Kh8
16.Bg5 Qd6 17.Rfe1 h6 18.Qh4 Qg6 19.Be7 Rg8 20.g3 b5 21.Qb4 c5 22.Bxc5 a5
23.Qxb5 Rb8 24.Qxa5 Rxb2 25.Nc4 Qc6 26.Nxb2 Qxf3 27.Re3 Qc6 28.Bb4 Bb7 29.f3 Ra8
30.Qxa8+ Bxa8 31.Rf1 e4 32.Nc4 Bd4 33.dxe4 Qxc4  0-1

[Event "Vantaa op2"]
[Site "Vantaa"]
[Date "1999.??.??"]
[Round "3"]
[White "Houtsonen, Pedri"]
[Black "Veingold, Aleksandr"]
[Result "0-1"]
[WhiteElo "2146"]
[BlackElo "2477"]

1.e4 c5 2.Nf3 Nc6 3.Bb5 d6 4.O-O Bd7 5.Re1 Nf6 6.c3 a6 7.Bf1 Bg4 8.h3 Bxf3
9.Qxf3 g6 10.d3 Bg7 11.Nd2 b5 12.Qd1 O-O 13.Nf3 Ne5 14.Nh2 Qc7 15.d4 Ned7
16.g3 e5 17.d5 c4 18.Ng4 Nc5 19.Nxf6+ Bxf6 20.Be3 Bg7 21.Bxc5 Qxc5 22.Qd2 f5
23.Qe3 Qc7 24.exf5 gxf5 25.f4 Kh8 26.a4 exf4 27.gxf4 b4 28.a5 Bf6 29.Kh2 Rg8
30.Ra4 bxc3 31.bxc3 Qg7 32.Rxc4 Rae8  0-1

[Event "LTU-ch"]
[Site "Vilnius"]
[Date "1999.??.??"]
[Round "?"]
[White "Bucinskas, Valdas"]
[Black "Kasparavicius, Laimutis"]
[Result "0-1"]
[WhiteElo "2222"]
[BlackElo "2123"]

1.e4 c5 2.Nf3 Nc6 3.Bb5 g6 4.O-O Bg7 5.c3 Nf6 6.Re1 O-O 7.d4 cxd4 8.cxd4 d5
9.e5 Ne4 10.Bxc6 bxc6 11.Nbd2 c5 12.dxc5 Nxc5 13.Nb3 Nxb3 14.Qxb3 d4 15.Bg5 h6
16.Bh4 g5 17.Bg3 Bf5 18.Red1 d3 19.Qa3 Qd7 20.Rd2 Rfd8 21.Rad1 Rac8 22.Ne1 e6
23.Qa6 Rc5 24.Qd6 Qc8  0-1

[Event "LTU-ch"]
[Site "Vilnius"]
[Date "1999.??.??"]
[Round "?"]
[White "Bucinskas, Valdas"]
[Black "Dambrauskas, Virginijus"]
[Result "0-1"]
[WhiteElo "2222"]
[BlackElo "2360"]

1.e4 c5 2.Nf3 Nc6 3.Bb5 Na5 4.c3 a6 5.Ba4 Nf6 6.e5 Nd5 7.d4 c4 8.O-O e6 9.Bg5 Qc7
10.Nbd2 h6 11.Bh4 b5 12.Bc2 b4 13.Ne4 Rb8 14.Rb1 b3 15.axb3 cxb3 16.Bd3 Nf4
17.Re1 Nxd3 18.Qxd3 Qc4 19.Qe3 Bb7 20.Nfd2 Qb5 21.Qg3 g5 22.Bxg5 hxg5 23.Nf6+ Kd8
24.c4 Nxc4 25.Nxc4 Qxc4 26.Rbc1 Qb4 27.d5 Bxd5 28.Red1 Qf4 29.Qc3 Qxh2+ 30.Kf1 Qxg2+
31.Ke2 Qf3+ 32.Qxf3 Bxf3+ 33.Kxf3 Rb7 34.Rc6 Bg7 35.Ng4 Ke7 36.Rxa6 Rc8 37.Rad6 Rc2
38.R1d2 Rxd2 39.Rxd2 f5  0-1

[Event "JUG-chT (Women)"]
[Site "Vrnjacka Banja"]
[Date "1999.??.??"]
[Round "1"]
[White "Vuksanovic, Sanja"]
[Black "Ujhazi, Danijela"]
[Result "1-0"]
[WhiteElo "2331"]
[BlackElo "2141"]

1.e4 c5 2.Nf3 Nc6 3.Bb5 g6 4.Bxc6 bxc6 5.O-O Bg7 6.Re1 Nh6 7.c3 O-O 8.d4 cxd4
9.cxd4 f6 10.Nc3 d6 11.h3 Nf7 12.Qc2 Bd7 13.Be3 Qa5 14.a3 Rac8 15.b4 Qa6
16.Qb3 Kh8 17.a4 e5 18.dxe5 Nxe5 19.Nxe5 fxe5 20.Red1 d5 21.exd5 cxd5 22.Nxd5 Be6
23.Rd2 Qb7 24.Rad1 Qf7 25.Qd3 Rcd8 26.Qe4 Bf5 27.Qh4 Be6 28.Nc3 Rxd2 29.Rxd2 Bf6
30.Bg5 Bg7 31.Ne4 Bf5 32.Nc5 e4 33.Nxe4 Qc4 34.Ng3 Qc1+ 35.Kh2 Qa1 36.Nxf5 gxf5
37.a5 Qf1 38.Bh6 Be5+ 39.f4 Bf6 40.Qxf6+  1-0

[Event "JUG-chT (Women)"]
[Site "Vrnjacka Banja"]
[Date "1999.??.??"]
[Round "3"]
[White "Kovalevskaya, Ekaterina"]
[Black "Peptan, Corina"]
[Result "0-1"]
[WhiteElo "2497"]
[BlackElo "2419"]

1.e4 c5 2.Nf3 Nc6 3.Bb5 d6 4.O-O Bd7 5.Re1 Nf6 6.c3 a6 7.Bf1 Bg4 8.h3 Bxf3
9.Qxf3 g6 10.Qd1 Bh6 11.Na3 O-O 12.d4 Bxc1 13.Rxc1 cxd4 14.cxd4 d5 15.e5 Ne4
16.Nc2 Qb6 17.Re3 Rac8 18.Rb1 Na5 19.Bd3 Nc4 20.Bxc4 Rxc4 21.Rb3 Qa7 22.Rd3 f6
23.e6 Rd8 24.Ne3 Rc6 25.Qg4 Ng5 26.f4 Nxe6 27.f5 Nf8 28.Re1 b5 29.fxg6 hxg6
30.Nf5 e6 31.Nh4 Rd7 32.Kh1 Qc7 33.Rf1 Rc1 34.Rf3 Rxf1+ 35.Rxf1 Kg7 36.Qf3 Rf7
37.Qe3 Qc2 38.Qa3 Qc4 39.Rd1 Qa4 40.Qxa4 bxa4 41.Rc1 Rb7 42.Rc2 Kf7 43.a3 Nd7
44.Nf3 Ke7 45.h4 Rb3 46.Rc6 Rb6 47.Rc2 e5 48.dxe5 fxe5 49.g4 e4 50.Nd4 Ne5
51.g5 Nc4 52.h5 gxh5 53.Rf2 Rg6 54.Rg2 Ne3 55.Re2 Ng4 56.Rc2 Rxg5 57.Rc6 Nf2+
58.Kh2 h4 59.Rc2 e3  0-1

[Event "JUG-chT"]
[Site "Vrnjacka Banja"]
[Date "1999.??.??"]
[Round "3"]
[White "Ristic, Nenad"]
[Black "Kojovic, Dragan"]
[Result "1-0"]
[WhiteElo "2432"]
[BlackElo "2272"]

1.e4 c5 2.Nf3 Nc6 3.Bb5 e6 4.O-O Nge7 5.Re1 a6 6.Bxc6 Nxc6 7.d4 cxd4 8.Nxd4 Qc7
9.Nc3 Be7 10.Nf5 O-O 11.Nxe7+ Nxe7 12.Qh5 b5 13.Re3 Ng6 14.Rh3 h6 15.Bxh6 gxh6
16.Qxh6 Re8 17.Qh7+ Kf8 18.Rf3 Ne5 19.Qh8+ Ke7 20.Nd5+ exd5 21.Qf6+ Kf8 22.Rh3  1-0

[Event "JUG-chT (Women)"]
[Site "Vrnjacka Banja"]
[Date "1999.??.??"]
[Round "4"]
[White "Vuksanovic, Sanja"]
[Black "Maksimovic, Suzana"]
[Result "1-0"]
[WhiteElo "2331"]
[BlackElo "2263"]

1.e4 c5 2.Nf3 Nc6 3.Bb5 g6 4.O-O Bg7 5.c3 e5 6.d4 cxd4 7.cxd4 exd4 8.Bf4 Nge7
9.Bd6 a6 10.Bd3 b5 11.Nbd2 Bb7 12.a4 O-O 13.axb5 axb5 14.Rxa8 Qxa8 15.Bxb5 Re8
16.Nc4 h6 17.Re1 Qa7 18.b4 Nc8 19.Bc5 Qb8 20.Nxd4 N8a7 21.Nxc6 Nxc6 22.Nd6 Rf8
23.Nxb7 Qxb7 24.Bxc6 dxc6 25.Bxf8 Bxf8 26.Qd4 Qb5 27.e5 Bxb4 28.Rd1 Qe2 29.Rb1 c5
30.Qd8+ Kh7 31.Qd5 Kg7 32.g3 h5 33.h4 Qc2 34.Ra1 Qf5 35.Ra8 Bc3 36.Qd8 Bxe5  1-0

[Event "JUG-chT"]
[Site "Vrnjacka Banja"]
[Date "1999.??.??"]
[Round "4"]
[White "Rublevsky, Sergei"]
[Black "Sveshnikov, Evgeny"]
[Result "1/2-1/2"]
[WhiteElo "2660"]
[BlackElo "2541"]

1.e4 c5 2.Nf3 Nc6 3.Bb5 e6 4.O-O Nge7 5.c3 d5 6.exd5 Qxd5 7.Re1 Bd7 8.Na3 Ng6
9.Bc4 Qh5 10.d4 cxd4 11.Nb5 Rc8 12.Be2 dxc3 13.bxc3 Qd5 14.Qxd5 exd5 15.c4 Bb4
16.cxd5 Nce5 17.Bd2 Bxd2 18.Nd6+ Kd8 19.Nxd2 Rc2 20.N2e4 b6 21.Ng5 Kc7 22.Bd1 Rxf2
23.Kxf2 Kxd6 24.Bb3 Bf5 25.Rad1 Rc8 26.Ne4+ Bxe4 27.Rxe4 Rc3 28.Ke2 f5 29.Red4 Ng4
30.Kd2 Rc5 31.Rc1 Rxc1 32.Kxc1 Ne7 33.Kd2 h6 34.Rd3 Nxh2 35.Bd1 Ng4 36.Bxg4 fxg4
37.Kc3 Nf5 38.Kc4 h5 39.Rd2 a6 40.a4 h4 41.Rb2 Ne3+ 42.Kd4 Nxd5 43.Rd2 Nf6
44.Rb2 Nd7 45.Rb4 g5 46.Ke3 h3 47.Rxg4 h2 48.Rd4+ Ke5 49.Rd1 Nc5 50.a5 b5  1/2-1/2

[Event "JUG-chT"]
[Site "Vrnjacka Banja"]
[Date "1999.??.??"]
[Round "8"]
[White "Ristic, Nenad"]
[Black "Mozetic, Dejan"]
[Result "1-0"]
[WhiteElo "2432"]
[BlackElo "2442"]

1.e4 c5 2.Nf3 Nc6 3.Bb5 g6 4.O-O Bg7 5.Re1 Nf6 6.e5 Nd5 7.Nc3 Nc7 8.Bxc6 dxc6
9.Ne4 b6 10.Nf6+ Kf8 11.Ne4 Bg4 12.d3 h6 13.h3 Bxf3 14.Qxf3 Ne6 15.Bf4 Qc7
16.Nd2 Rd8 17.Re4 Nd4 18.Qd1 Ne6 19.Qf3 Nd4 20.Qd1 Ne6 21.Bg3 Rd4 22.Qe2 Kg8
23.h4 h5 24.f4 Bh6 25.Rf1 Ng7 26.Bh2 Qc8 27.Nf3 Rxe4 28.dxe4 Qg4 29.Qd3 Kh7
30.f5 e6 31.f6 Ne8 32.b3 Rg8 33.Bg3 g5 34.Nh2  1-0

[Event "Hoogovens-C op"]
[Site "Wijk aan Zee"]
[Date "1999.??.??"]
[Round "2"]
[White "De Jong, Tom"]
[Black "Krnic, Zdenko"]
[Result "1/2-1/2"]
[WhiteElo "2300"]
[BlackElo "2420"]

1.e4 c5 2.Nf3 Nc6 3.Bb5 e6 4.O-O Nge7 5.Re1 a6 6.Bxc6 Nxc6 7.d4 cxd4 8.Nxd4 Nxd4
9.Qxd4 f6 10.a4 b6 11.Nd2 Bc5 12.Qd3 Qc7 13.Nc4 Bb7 14.Be3 Bxe3 15.Rxe3 O-O
16.Rd1 d5 17.exd5 Bxd5 18.Na3 Rfd8 19.Qc3 Qb7 20.Rg3 Qe7 21.Rgd3 Rab8 22.Qe1 Rd7
23.Nc4 Rc7 24.Ne3 Bc6 25.b3 b5 26.axb5 axb5 27.Qa5 f5 28.f4 h6 29.Rd6 Kh7
30.Qd2 g5 31.Qd4 gxf4 32.Qxf4 Rg8 33.g3 Rg6 34.Qe5 h5 35.Nxf5 exf5 36.Qxe7+ Rxe7
37.Rxg6 Kxg6 38.Rd6+ Kg5 39.Rxc6 Re2 40.c4 b4 41.h3 Rb2 42.Rb6 Rxb3 43.Kg2 h4
44.gxh4+ Kf4 45.h5 Rb2+ 46.Kg1 Kg3 47.Rg6+ Kf3 48.h6 Rb1+ 49.Kh2  1/2-1/2

[Event "Morava-ch U15"]
[Site "Zlin"]
[Date "1999.??.??"]
[Round "3"]
[White "Garlik, Michal"]
[Black "Zichacek, Libor"]
[Result "1-0"]
[WhiteElo "1825"]
[BlackElo "1670"]

1.e4 c5 2.Nf3 Nc6 3.Bb5 d6 4.Bxc6+ bxc6 5.h3 e5 6.O-O Nf6 7.Re1 Be7 8.c3 O-O
9.d4 cxd4 10.cxd4 d5 11.Nxe5 Bb7 12.exd5 Nxd5 13.Nc3 c5 14.dxc5 Bxc5 15.Nxd5 Bxd5
16.Be3 Bb4 17.Bd2 Bc5 18.Rc1 Bb6 19.b3 Re8 20.Nc4 Bxc4 21.Rxc4 Qf6 22.Rf4 Qb2
23.Qh5 g6 24.Qd5 Qg7 25.Rxe8+ Rxe8 26.Qc4 h5 27.Bc3 Qf8 28.Rf6 Re6 29.Rxe6 fxe6
30.Qxe6+ Kh7 31.Qf6 Qg8 32.Qe7+ Kh6 33.Bd2+ g5 34.h4  1-0

[Event "Morava-ch U15"]
[Site "Zlin"]
[Date "1999.??.??"]
[Round "7"]
[White "Garlik, Michal"]
[Black "Jurek, Miroslav"]
[Result "1-0"]
[WhiteElo "1825"]
[BlackElo "1670"]

1.e4 c5 2.Nf3 Nc6 3.Bb5 g6 4.O-O Bg7 5.Bxc6 bxc6 6.d3 d5 7.c4 e6 8.Qc2 Qc7
9.Nc3 Nf6 10.Na4 Nd7 11.Be3 d4 12.Bc1 O-O 13.b3 a5 14.Ba3 Qa7 15.Qe2 e5 16.Nd2 f6
17.f4 Ba6 18.fxe5 fxe5 19.Qg4 Rae8 20.Rxf8+ Bxf8 21.Rf1 Qc7 22.Nf3 Bc8 23.Qg3 Qd6
24.Ng5 Re7 25.h4 h6 26.Nf3 Rf7 27.Nh2 Rxf1+ 28.Kxf1 Qf6+ 29.Qf2 Qxf2+ 30.Kxf2 Kg7
31.Kg3 Be7 32.Ng4 Bf8 33.Bc1 Kh7 34.Ba3 Kg7 35.h5 gxh5 36.Nh2 Kg6 37.Nf3 Be7
38.Nh4+ Kg5 39.Bc1+ Kf6 40.Nf5 Bf8 41.Bxh6 Bxh6 42.Nxh6 Nf8 43.Nxc5 Kg6 44.Nf5 Bxf5
45.exf5+ Kxf5 46.a3 Nh7 47.b4 axb4 48.axb4 Ng5 49.b5 cxb5 50.cxb5 Ne6 51.Nxe6 Kxe6
52.b6 Kd6 53.Kf3 Kc6 54.Ke4 Kxb6 55.Kxe5 Kc6 56.Kxd4 Kd6 57.Ke4 Ke6 58.Kf4  1-0

[Event "It D"]
[Site "Paretana ESP"]
[Date "2000.01.02"]
[Round "5"]
[White "Alonso Moyano,J"]
[Black "Flores de Paco,D"]
[Result "1-0"]
[WhiteElo "2208"]
[BlackElo "2150"]

1.e4 c5 2.Nf3 Nc6 3.Bb5 Qb6 4.Nc3 e6 5.a4 a6 6.Bxc6 Qxc6 7.O-O d6 8.d4 cxd4
9.Qxd4 Nf6 10.Rd1 e5 11.Nxe5 Qc5 12.Nc4 Bg4 13.Nxd6+  1-0

[Event "Challengers"]
[Site "Hastings ENG"]
[Date "2000.01.05"]
[Round "8"]
[White "Rayner,F"]
[Black "Cherniaev,A"]
[Result "0-1"]
[WhiteElo "2218"]
[BlackElo "2432"]

1.e4 c5 2.Nf3 Nc6 3.Bb5 e6 4.O-O Nge7 5.Nc3 a6 6.Bxc6 Nxc6 7.d4 cxd4 8.Nxd4 Qc7
9.Nxc6 bxc6 10.f4 d6 11.f5 e5 12.f6 Be6 13.Qd3 gxf6 14.Rxf6 Bg7 15.Rf3 O-O
16.Rg3 Kh8 17.Rg5 d5 18.Rh5 f5 19.Qh3 Bg8 20.exf5 e4 21.Kh1 e3 22.Bxe3 d4
23.Bd2 dxc3 24.Bxc3 Bxc3 25.Qxc3+ Qg7 26.Qxc6 Rac8 27.Qe4 Qxb2 28.Rg1 Rxc2
29.Rh6 Rf2 30.Rxa6 R2xf5 31.Ra8 Rxa8 32.Qxa8 Qxa2 33.Qc8 Qe6 34.Qb8 Qe5 35.Qd8 Rg5
36.Rf1 Rg7 37.Qf8 Qg5 38.Rg1 h6 39.Qc8 Qg6 40.Qc5 Be6 41.Qc6 Rf7 42.Re1 Rf6
43.h3 Qg3 44.Qe8+ Kg7 45.Qe7+ Bf7 46.Ra1 Rf2 47.Qe4 Rf4 48.Qe5+ Kh7 49.Qe7 Qc3
50.Rd1 Qc4 51.Kh2 Rf2 52.Qb7 Qf4+ 53.Kg1 Qe3 54.Kh2 h5 55.Kh1 Kg7 56.Ra1 Qd4
57.Rg1 Qd5 58.Qc7 Rf5 59.Qg3+ Rg5 60.Qc7 Kh7 61.Qe7 Rg7 62.Qf6 Qe4 63.Qf2 Bd5
64.Kh2 Qe5+ 65.Kh1 Rg3 66.Qa7+ Qg7 67.Qxg7+ Kxg7 68.Rd1 Bxg2+ 69.Kh2 Rg6
70.Rd7+ Kh6 71.Rd2 Bc6 72.Rf2 Re6 73.Rc2 Bb5 74.Rc5 Bd7 75.Rc3 Re4 76.Rd3 Be6
77.Rc3 Kg5 78.Rf3 Kh4  0-1

[Event "6th Open"]
[Site "Bosnjaci CRO"]
[Date "2000.01.06"]
[Round "6"]
[White "Leventic,I"]
[Black "Brkic,A"]
[Result "1-0"]
[WhiteElo "2390"]
[BlackElo "2221"]

1.e4 c5 2.Nf3 Nc6 3.Bb5 d6 4.c3 Bd7 5.d4 cxd4 6.cxd4 g6 7.O-O Bg7 8.h3 Nf6
9.Re1 O-O 10.Nc3 a6 11.Bf1 Rc8 12.Bg5 h6 13.Be3 b5 14.e5 Ne8 15.Qd2 Kh7 16.Rad1 Qa5
17.Bf4 dxe5 18.Nxe5 Nxe5 19.Bxe5 Nf6 20.a3 Rfd8 21.Qe3 Be6 22.g3 Bd5 23.Qf4 Nh5
24.Qg4 e6 25.Bd3 Nf6 26.Qf4 Nd7 27.Qxf7 Nxe5 28.Rxe5  1-0